000 00529nam a2200181Ia 4500
008 100921s9999 xx 000 0 und d
082 _b18200
_a891.463 थ 81
100 _aकीर गिरीजा.
245 _aदंश.
260 _bदिनपुष्प प्रकाशन,मुंबई.
_c1981
300 _a88
_b---
365 _b14
520 _aललित-कादंबरी.
630 _aदंश.
650 _aललित-कादंबरी.
730 _aदंश.
942 _cBOOK
999 _c767313
_d767310